000 00748nam a2200241Ia 4500
001 1055
003 GE_BSU
008 181216s||||||||xx |||||||||||||| ||und||
020 _a5282024918
040 _cGE_BSU
080 _a658
245 _aСовременный менеджмент
245 _bСборник кейсов из коллекции Школы бизнеса имени Ричарда Айви.Акад. народного хоз-ва
245 _cСост.Т.А.Дробышевская
260 _aМосква
260 _bЭкономика
260 _c2005
300 _a463тр.
541 _h12л.
653 _aМенеджмент
653 _aСовременный менеджмент
942 _cBK
999 _c35209
_d35209